Statistiques concernant Meilleur buteur de la Liga Portugal par année

Cliquez ici pour prendre le quiz!

Statistiques générales

  • Ce quiz a été pris 60 fois
  • Le résultat moyen est 4 sur 15

Statistiques - réponses

HintRéponse% Correct
2021-2022Darwin Núñez
66%
2022-2023Mehdi Taremi
64%
2017-2018Jonas
42%
2015-2016Jonas
42%
2010-2011Hulk
40%
2014-2015Jackson Martínez
32%
2013-2014Jackson Martínez
32%
2012-2013Jackson Martínez
32%
2020-2021Pedro Gonçalves
28%
2018-2019Haris Seferović
24%
2016-2017Bas Dost
10%
2011-2012Óscar Cardozo
8%
2009-2010Óscar Cardozo
8%
2019-2020Carlos Vinícius
6%
2008-2009Nenê
4%

Distribution des résultats

Percentile par nombre de réponses

% des personnes avec chaque résultat

Votre développement - résultats

Vous n’avez pas pris ce quiz